| 000 | 00817nam a2200289Ia 4500 | ||
|---|---|---|---|
| 003 | OSt | ||
| 005 | 20221006160510.0 | ||
| 006 | a|||||r|||| 00| 0 | ||
| 007 | ta | ||
| 008 | 221006b |||||||| |||| 00| 0 eng d | ||
| 020 |
_a9780794603489 _c _24.95 |
||
| 024 | _a45,331 | ||
| 037 |
_bGift, KCC (Window on Korea) _cTextual |
||
| 040 |
_aEASL _cEASL _beng |
||
| 041 |
_2eng _aeng |
||
| 082 | _aY:1v495, P5 | ||
| 100 |
_aBrown Craig J. _9673905 |
||
| 245 | 0 | _aKorea - Land of the morning calm | |
| 260 |
_aSingapore _bPeriplus _c2005 |
||
| 300 |
_a96p. _ccm. |
||
| 490 | _v KEL | ||
| 650 | _a KEL | ||
| 650 |
_a Korea - Wether _9673906 |
||
| 650 |
_aKorea - Geography _9673907 |
||
| 942 |
_hY:1v495, P5 _cTEXL _2CC |
||
| 999 |
_c1113423 _d1113423 |
||